|
|
|
|
| LEADER |
00000cam a22000004a 4500 |
| 001 |
musev2_86340 |
| 003 |
MdBmJHUP |
| 005 |
20230905052845.0 |
| 006 |
m o d |
| 007 |
cr||||||||nn|n |
| 008 |
110907s2011 msu o 00 0 eng d |
| 020 |
|
|
|a 9781604739862
|
| 020 |
|
|
|z 9781604739800
|
| 020 |
|
|
|z 1604739800
|
| 040 |
|
|
|a MdBmJHUP
|c MdBmJHUP
|
| 100 |
1 |
|
|a Cash, Jean W.,
|d 1938-
|
| 245 |
1 |
0 |
|a Larry Brown :
|b A Writer's Life /
|c Jean W. Cash ; foreword by Shannon Ravenel.
|
| 264 |
|
1 |
|a Jackson :
|b University Press of Mississippi,
|c 2011.
|
| 264 |
|
3 |
|a Baltimore, Md. :
|b Project MUSE,
|c 0000
|
| 264 |
|
4 |
|c ©2011.
|
| 300 |
|
|
|a 1 online resource (400 pages):
|b illustrations
|
| 336 |
|
|
|a text
|b txt
|2 rdacontent
|
| 337 |
|
|
|a computer
|b c
|2 rdamedia
|
| 338 |
|
|
|a online resource
|b cr
|2 rdacarrier
|
| 490 |
0 |
|
|a Willie Morris books in memoir and biography
|
| 505 |
0 |
|
|a Origins, 1951-1969 -- Marine, husband, father, and fireman, 1969-1980 -- Literary apprenticeship, 1980-1987 -- Facing the music, 1987-1989 -- Dirty work: a Vietnam novel, 1989-1990 -- Full-time writer: Big Bad Love, 1990 -- Joe: a major novel, 1991 -- "Fire notes" becomes On Fire, 1994-1996 -- Solid success: Father and Son, 1994-1996 -- Continued success: Fay in progress and a semester at Ole Miss, 1997-1998 -- Years of triumph: Fay, the Wallace Award, and Montana, 1999-2000 -- A return to nonfiction: Billy Ray's Farm, 1999-2001 -- Leaving Algonquin: The Rabbit Factory, 2002-2003 -- Writing and building, 2004 -- Remembering Larry and A Miracle of Catfish, 2004-2007.
|
| 520 |
8 |
|
|a Larry Brown was unique among writers who started their careers in the late twentieth century. Unlike most of them - his friends Clyde Edgerton, Jill McCorkle, Rick Bass, Kaye Gibbons, among others - he was neither a product of a writing programme, nor did he teach at one. In fact, he did not even attend college. His innate talent, his immersion in the life of north Mississippi, and his determination led him to national success. Drawing on excerpts from numerous letters and material from interviews with family members and friends, this book is a biography of a landmark southern writer.
|
| 588 |
|
|
|a Description based on print version record.
|
| 600 |
1 |
7 |
|a Brown, Larry,
|d 1951-2004.
|2 fast
|0 (OCoLC)fst01483611
|
| 600 |
1 |
0 |
|a Brown, Larry,
|d 1951-2004.
|
| 650 |
|
7 |
|a Authors, American.
|2 fast
|0 (OCoLC)fst00821764
|
| 650 |
|
7 |
|a LITERARY CRITICISM
|x American
|x General.
|2 bisacsh
|
| 650 |
|
7 |
|a BIOGRAPHY & AUTOBIOGRAPHY
|x Literary.
|2 bisacsh
|
| 650 |
|
6 |
|a Écrivains americains
|y 20e siecle
|v Biographies.
|
| 650 |
|
0 |
|a Authors, American
|y 20th century
|v Biography.
|
| 655 |
|
7 |
|a Biographies.
|2 rvmgf
|
| 655 |
|
7 |
|a Biographies.
|2 lcgft
|
| 655 |
|
7 |
|a Biographies.
|2 fast
|0 (OCoLC)fst01919896
|
| 655 |
|
2 |
|a Biography
|
| 655 |
|
7 |
|a Electronic books.
|2 local
|
| 710 |
2 |
|
|a Project Muse.
|e distributor
|
| 830 |
|
0 |
|a Book collections on Project MUSE.
|
| 856 |
4 |
0 |
|z Texto completo
|u https://projectmuse.uam.elogim.com/book/86340/
|
| 945 |
|
|
|a Project MUSE - Custom Collection
|